000 00979cad a22002415a 4500
001 E151804
008 101213s2010 xxk f 100 0 eng d
020 _a9781842196199
035 _a(Sirsi) u151804
041 0 _aeng
100 1 _aIlhan, Bahriye
111 2 _aConstruction and Building Research Conference
_cDauphine Universite, Paris
_d2-3 September 2010
245 0 0 _aExamining economic impact and import dependency of the Turkish construction sector
_ban input-output analysis, 1998 and 2002
_h[electronic resource]
260 _aLondon
_bRICS
_c2010
520 _aA paper presented at the COBRA Conference in Paris on 2-3 September 2010.
590 _aKA
650 2 4 _aCONSTRUCTION AND BUILDING RESEARCH CONFERENCE (COBRA)
651 4 _aTurkey
690 _aBUILT ENVIRONMENT-CONSTRUCTION MARKET
700 1 _aYaman, Hakan
856 4 0 _uhttps://www.rics.org/site/scripts/download_info.aspx?fileID=7923&categoryID=720
_zBroken link - not available
942 _n0
999 _c111632
_d111632